Останній акт трагедії української галицької армії (Запис № 307141)

МАРК-запис
000 -Лідер
fixed length control field 00786nam a22002537a 4500
001 - Контрольний номер
control field 20952
003 - Ідентифікатор контрольного номера
control field UA-OsUOA
005 - Дата та час останнього входження (трансакції)
control field 20200729192717.0
007 - Фіксоване поле фізичного опису
fixed length control field ta
008 - Елементи даних фіксованої довжини – загальна інформація
fixed length control field 20031107b un ||||| |||| 00| 0 ukr d
040 ## - Джерело каталогізації
Агенція оригінальної каталогізації UA-OsUOA
Мова каталогізації rus
Агенція, яка здійснювала перезапис UA-OsUOA
Агенція, яка здійснювала модифікацію UA-OsUOA
041 ## - Код мови
Код мови тексту/ звукової доріжки чи окремого заголовка (П) rus
044 ## - Код країни видавця/ виробника
Код країни видавця/ виробника (П) US
080 ## - Індекс Універсальної десяткової класифікації
Індекс Універсальної десяткової класифікації (УДК) (НП) 94(477).06
090 ## - Локальний шифр розміщення
Класифікаційний індекс УДК 94(477).06
Авторський знак (НП) Г11
100 ## - Основне введення – ім’я особи
Ім’я особи (НП) Гірняк Н.
245 ## - Відомості про назву
Назва (НП) Останній акт трагедії української галицької армії
260 ## - Публікація, розповсюдження і т.п. (Вихідні дані)
Місце публікації, розповсюдження і т.п. (П) США
Ім’я/ наймення видавництва, розповсюджувача і т.п. (П) УВ-ІІ
Дата публікації, розповсюдження і т.п. (П) 1958
300 ## - Фізичний опис
Обсяг 286 с.
650 #7 - Додаткове предметне введення – тематичний термін
Тематичний термін чи географічна назва, як елемент введення (НП) 9 Географія. Біографії. Історія
Джерело заголовка чи терміна UDC
942 ## - Додаткові елементи входу (Коха)
Тип елемента Koha Книги
Source of classification or shelving scheme Universal Decimal Classification
955 ## - Код типу видання за змістом
Код типу видання за змістом (НП) Навчальні видання
Фонди
Стан вилучень Стан втрат Джерело класифікації або схеми стелажів Стан уражень Не для кредиту Постійне місце розташування Поточне розміщення Дата придбання Джерело придбання Вартість, звичайна ціна покупки Інвентарний номер Усього замовленно Повний номер виклику Штрих-код Дата останнього перегляду Ціна ефективна від Тип елемента Koha Код колекції
Withdrawn   Universal Decimal Classification     АБ - Абонемент НБ АБ - Абонемент НБ 07/11/2003   2.00 57238   94(477).06 Г11 57238 13/07/2019 07/11/2003 Книги  
Withdrawn   Universal Decimal Classification     АБ - Абонемент НБ АБ - Абонемент НБ 07/11/2003     58414   94(477).06 Г11 58414 13/07/2019 07/11/2003 Книги  
Withdrawn   Universal Decimal Classification     ВІЛ - Відділ іноземн. літератури НБ ВІЛ - Відділ іноземн. літератури НБ 19/05/2017   20.00 81054   94(477).06 Г11 81054 13/07/2019 07/11/2003 Книги Колекція Скорупського П.
    Universal Decimal Classification     Наукова бібліотека ІДУД Наукова бібліотека ІДУД 11/09/2007 19/2006 1.00 2127145   94(477).06 Г51 2127145 15/09/2019 11/09/2007 Книги  
    Universal Decimal Classification     ЧЗ - Читальна зала ЧЗ - Читальна зала 21/02/2018 4/2018 20.00 157994   94(477).06 Г11 157994 07/02/2022 07/11/2003 Книги  
Withdrawn   Universal Decimal Classification     ЧЗ - Читальна зала ЧЗ - Читальна зала 09/12/2005     80359   94(477).06 Г51 80359 13/07/2019 09/12/2005 Книги